000 00983cam a22003375i 4500
001 23066201
005 20250404145211.0
008 230414s2023 mau 000 0 eng
010 _a 2023936598
020 _a9783110760729
020 _a9783110760903
020 _z9783110760774
020 _z9783110796742
041 _aeng
042 _apcc
082 _a737 CHA
100 1 _aChambers, Samuel A.,
245 1 0 _aMoney Has No Value
250 _a1st
260 _aBoston
_bDe Gruyter
_c2023
263 _a2312
264 1 _aBoston :
_bDe Gruyter,
_c2023.
300 _a211;. pages: 23 cm
336 _atext
_btxt
_2rdacontent
337 _aunmediated
_bn
_2rdamedia
338 _avolume
_bnc
_2rdacarrier
650 _aAntiques and Collectibles / Coins, Currency and Medals; Money--Exhibitions; Coins--Exhibitions; Paper money-Exhibitions; Coins--History
906 _a0
_bibc
_corignew
_d2
_eepcn
_f20
_gy-gencatlg
942 _cBK
999 _c43562
_d43562